[Event "CAN-ch FM playoff"]
[Site "Toronto CAN"]
[Date "2004.08.30"]
[Round "1"]
[White "Noritsyn, Nikolay"]
[Black "Huber, Gregory"]
[Result "0-1"]
[WhiteElo "2175"]
[BlackElo "2219"]
[PlyCount "80"]
[GameId "2160767911077792"]
[EventDate "2004.08.30"]
[EventType "tourn"]
[EventRounds "5"]
[EventCountry "CAN"]
[SourceTitle "CBM 102 Extra"]
[Source "ChessBase"]
[SourceDate "2004.11.03"]
[SourceVersion "1"]
[SourceVersionDate "2004.11.03"]
[SourceQuality "1"]

1. e4 c5 2. Nf3 e6 3. d4 cxd4 4. Nxd4 a6 5. Bd3 g6 6. O-O Bg7 7. Nb3 Ne7 8. Nc3 O-O 9. f4 d6 10. a4 b6 11. Be3 Qc7 12. Qd2 Nbc6 13. f5 exf5 14. exf5 Bxf5 15. Bxf5 Nxf5 16. Nd5 Qb7 17. Bxb6 Nb4 18. Qxb4 Qxd5 19. Rad1 Qc6 20. c3 Rab8 21. a5 Ne3 22. Rd2 Nxf1 23. Rxd6 Qc8 24. Qf4 Nxh2 25. Qxh2 Re8 26. Qh4 Qf5 27. Nd2 Be5 28. Rd5 Bh2+ 29. Kxh2 Qxd5 30. Nf3 Re2 31. Qf6 Re6 32. Qf4 Rbxb6 33. axb6 Rxb6 34. b4 Qd6 35. Qxd6 Rxd6 36. Nd4 Rd8 37. Kg3 Rc8 38. Ne2 f5 39. Kf4 Kf7 40. Ke5 Re8+ 0-1

[Event "CAN-ch FM playoff"]
[Site "Toronto CAN"]
[Date "2004.08.30"]
[Round "2"]
[White "Feoktistov, Dmitri"]
[Black "Noritsyn, Nikolay"]
[Result "0-1"]
[WhiteElo "2146"]
[BlackElo "2175"]
[PlyCount "146"]
[GameId "2160767911077793"]
[EventDate "2004.08.30"]
[EventType "tourn"]
[EventRounds "5"]
[EventCountry "CAN"]
[SourceTitle "CBM 102 Extra"]
[Source "ChessBase"]
[SourceDate "2004.11.03"]
[SourceVersion "1"]
[SourceVersionDate "2004.11.03"]
[SourceQuality "1"]

1. d4 d5 2. c4 e6 3. Nc3 Be7 4. Nf3 Nf6 5. Bg5 h6 6. Bh4 O-O 7. e3 b6 8. cxd5 exd5 9. Bd3 Bb7 10. O-O Nbd7 11. Qe2 a6 12. Rac1 Re8 13. Rfd1 Bd6 14. Bf5 Nf8 15. Qc2 g6 16. Bd3 Kg7 17. Qb3 N8d7 18. a4 Rb8 19. Qc2 c5 20. dxc5 bxc5 21. Bxa6 Bxa6 22. Nxd5 Re6 23. Qc3 Be2 24. Bxf6+ Nxf6 25. Rd2 Bxf3 26. gxf3 Be5 27. Qxc5 Nxd5 28. Rxd5 Qf6 29. f4 Bxb2 30. Rcd1 Bc3 31. a5 Ra8 32. Qc7 Rc6 33. Qb7 Rxa5 34. Rd7 Ra1 35. Rxa1 Bxa1 36. Rxf7+ Qxf7 37. Qxc6 Bf6 38. Qf3 Qd7 39. Kg2 h5 40. e4 Kh6 41. e5 Be7 42. h3 Qf5 43. Qb7 Bf8 44. Qf3 Bg7 45. Qe3 Bf8 46. Qf3 Kh7 47. Qe3 Kg8 48. Qd4 Qe6 49. Qe4 Kf7 50. Qb7+ Be7 51. Qa8 Bc5 52. Qh8 Bf8 53. Kg3 Qf5 54. e6+ Qxe6 55. Qc3 Bg7 56. Qc7+ Kg8 57. Qd8+ Kh7 58. Qd3 Qf5 59. Qe3 Qf6 60. Qe4 Qf7 61. Qe3 Bh6 62. Qe4 Bf8 63. Qe5 Qf5 64. Qc7+ Kg8 65. Qd8 Kf7 66. Qc7+ Be7 67. Qc4+ Qe6 68. Qd4 Bd6 69. Qa7+ Qe7 70. Qa2+ Kg7 71. h4 Kh7 72. Qd2 Qf6 73. Qe3 Be7 0-1

[Event "CAN-ch FM playoff"]
[Site "Toronto CAN"]
[Date "2004.08.30"]
[Round "2"]
[White "Predescu, Sebastian"]
[Black "Filipovich, David"]
[Result "0-1"]
[WhiteElo "2221"]
[BlackElo "2210"]
[PlyCount "83"]
[GameId "2160767911077794"]
[EventDate "2004.08.30"]
[EventType "tourn"]
[EventRounds "5"]
[EventCountry "CAN"]
[SourceTitle "CBM 102 Extra"]
[Source "ChessBase"]
[SourceDate "2004.11.03"]
[SourceVersion "1"]
[SourceVersionDate "2004.11.03"]
[SourceQuality "1"]

1. e4 c6 2. d4 d5 3. e5 Bf5 4. Nc3 a6 5. Nf3 e6 6. Bd3 Ne7 7. O-O Nd7 8. Be3 c5 9. dxc5 Bg4 10. Be2 Bxf3 11. Bxf3 Nc6 12. Re1 Bxc5 13. Bxc5 Nxc5 14. Qe2 O-O 15. Rad1 Nd7 16. g3 Ndxe5 17. Bg2 Qb6 18. b3 Rac8 19. Na4 Qa5 20. f4 b5 21. Nc5 Qb6 22. fxe5 Qxc5+ 23. Qe3 Qxe3+ 24. Rxe3 Nb4 25. c3 Nxa2 26. Ra1 Rxc3 27. Rxc3 Nxc3 28. Rxa6 Rd8 29. Bf1 Kf8 30. Kf2 d4 31. Bd3 g6 32. Kf3 Rd5 33. Kf4 h6 34. h4 Kg7 35. Rb6 g5+ 36. hxg5 hxg5+ 37. Kxg5 Rxe5+ 38. Kf4 Re1 39. Rd6 Nd5+ 40. Kg4 Re3 41. Bxb5 d3 42. Rc6 0-1

[Event "CAN-ch FM playoff"]
[Site "Toronto CAN"]
[Date "2004.08.30"]
[Round "3"]
[White "Huber, Gregory"]
[Black "Feoktistov, Dmitri"]
[Result "1-0"]
[WhiteElo "2219"]
[BlackElo "2146"]
[PlyCount "63"]
[GameId "2160767911077795"]
[EventDate "2004.08.30"]
[EventType "tourn"]
[EventRounds "5"]
[EventCountry "CAN"]
[SourceTitle "CBM 102 Extra"]
[Source "ChessBase"]
[SourceDate "2004.11.03"]
[SourceVersion "1"]
[SourceVersionDate "2004.11.03"]
[SourceQuality "1"]

1. d4 d5 2. Bg5 h6 3. Bh4 c6 4. Nf3 Qb6 5. b3 Bf5 6. e3 e6 7. Bd3 Bxd3 8. Qxd3 Be7 9. Bxe7 Nxe7 10. O-O Nd7 11. c4 O-O 12. Nc3 Rfd8 13. Rfd1 Qa6 14. Qf1 Qa5 15. Rdc1 dxc4 16. bxc4 e5 17. Rab1 exd4 18. exd4 b6 19. Qe1 Re8 20. Qd2 Rad8 21. Qf4 Nf6 22. Ne5 Qa3 23. h3 Qd6 24. Rd1 Ng6 25. Nxg6 fxg6 26. Qf3 Kh7 27. Rd2 Rf8 28. Qd3 Rd7 29. Rbd1 Rfd8 30. Qf3 Qb4 31. Ne4 Nxe4 32. Qxe4 1-0

[Event "CAN-ch FM playoff"]
[Site "Toronto CAN"]
[Date "2004.08.30"]
[Round "3"]
[White "Noritsyn, Nikolay"]
[Black "Predescu, Sebastian"]
[Result "0-1"]
[WhiteElo "2175"]
[BlackElo "2221"]
[PlyCount "86"]
[GameId "2160767911077796"]
[EventDate "2004.08.30"]
[EventType "tourn"]
[EventRounds "5"]
[EventCountry "CAN"]
[SourceTitle "CBM 102 Extra"]
[Source "ChessBase"]
[SourceDate "2004.11.03"]
[SourceVersion "1"]
[SourceVersionDate "2004.11.03"]
[SourceQuality "1"]

1. e4 c5 2. Nf3 d6 3. d4 cxd4 4. Nxd4 Nf6 5. Nc3 a6 6. Bg5 e6 7. f4 Nbd7 8. Qf3 Qc7 9. O-O-O b5 10. g4 b4 11. Nce2 Bb7 12. Ng3 Be7 13. Kb1 Nc5 14. Bxf6 Bxf6 15. g5 Be7 16. h4 O-O-O 17. f5 d5 18. e5 Qxe5 19. Bh3 Ne4 20. Nge2 Kb8 21. fxe6 fxe6 22. Nxe6 Rhf8 23. Nxf8 Rxf8 24. Qg4 Nf2 25. Qe6 Qxe6 26. Bxe6 Nxh1 27. Rxh1 Bc5 28. Ng3 Kc7 29. Nh5 Bd4 30. Rd1 Be5 31. a3 bxa3 32. bxa3 d4 33. Bg4 Kd6 34. Kc1 Be4 35. Re1 Kd5 36. Be6+ Kxe6 37. Rxe4 Kf5 38. Re1 Rc8 39. Kd2 Rc5 40. Rg1 Rc3 41. Rf1+ Kg4 42. Re1 Re3 43. Rxe3 dxe3+ 0-1

[Event "CAN-ch FM playoff"]
[Site "Toronto CAN"]
[Date "2004.08.30"]
[Round "4"]
[White "Filipovich, David"]
[Black "Noritsyn, Nikolay"]
[Result "0-1"]
[WhiteElo "2210"]
[BlackElo "2175"]
[PlyCount "66"]
[GameId "2160767911077797"]
[EventDate "2004.08.30"]
[EventType "tourn"]
[EventRounds "5"]
[EventCountry "CAN"]
[SourceTitle "CBM 102 Extra"]
[Source "ChessBase"]
[SourceDate "2004.11.03"]
[SourceVersion "1"]
[SourceVersionDate "2004.11.03"]
[SourceQuality "1"]

1. Nf3 c5 2. g3 Nc6 3. c4 g6 4. Bg2 Bg7 5. Nc3 d6 6. O-O Nf6 7. d4 cxd4 8. Nxd4 Bd7 9. b3 h5 10. Bb2 h4 11. Nxc6 bxc6 12. Ne4 hxg3 13. fxg3 Nh5 14. Bxg7 Nxg7 15. Qd4 O-O 16. c5 d5 17. Ng5 f6 18. Nf3 e5 19. Qd2 Qe7 20. b4 a5 21. a3 Nf5 22. g4 Ng7 23. Qh6 g5 24. h4 e4 25. Nd4 Qe5 26. e3 Qg3 27. Nf5 Bxf5 28. hxg5 Qxe3+ 29. Kh1 Bxg4 30. Rxf6 Rxf6 31. Qxf6 Rf8 32. Qxc6 Qxg5 33. bxa5 Bf3 0-1

[Event "CAN-ch FM playoff"]
[Site "Toronto CAN"]
[Date "2004.08.30"]
[Round "4"]
[White "Predescu, Sebastian"]
[Black "Huber, Gregory"]
[Result "1/2-1/2"]
[WhiteElo "2221"]
[BlackElo "2219"]
[PlyCount "42"]
[GameId "2160767911077798"]
[EventDate "2004.08.30"]
[EventType "tourn"]
[EventRounds "5"]
[EventCountry "CAN"]
[SourceTitle "CBM 102 Extra"]
[Source "ChessBase"]
[SourceDate "2004.11.03"]
[SourceVersion "1"]
[SourceVersionDate "2004.11.03"]
[SourceQuality "1"]

1. d4 Nf6 2. Nf3 c5 3. c3 e6 4. Bf4 b6 5. e3 Bb7 6. Nbd2 Be7 7. Bd3 d5 8. Ne5 O-O 9. Qf3 Nbd7 10. Qh3 g6 11. Ndf3 Nxe5 12. Nxe5 Nh5 13. Bh6 Ng7 14. f4 Qd6 15. Ng4 f5 16. Ne5 a5 17. Bxg7 Kxg7 18. Qg3 Rf6 19. h4 h5 20. Be2 Rh8 21. O-O Bc6 1/2-1/2

[Event "CAN-ch FM playoff"]
[Site "Toronto CAN"]
[Date "2004.08.30"]
[Round "5"]
[White "Huber, Gregory"]
[Black "Filipovich, David"]
[Result "1-0"]
[WhiteElo "2219"]
[BlackElo "2210"]
[PlyCount "73"]
[GameId "2160767911077801"]
[EventDate "2004.08.30"]
[EventType "tourn"]
[EventRounds "5"]
[EventCountry "CAN"]
[SourceTitle "CBM 102 Extra"]
[Source "ChessBase"]
[SourceDate "2004.11.03"]
[SourceVersion "1"]
[SourceVersionDate "2004.11.03"]
[SourceQuality "1"]

1. c4 g6 2. g3 Bg7 3. Bg2 c5 4. Nc3 d6 5. Nf3 Nc6 6. d3 e5 7. a3 Nge7 8. Bd2 O-O 9. O-O h6 10. Rb1 a5 11. Ne1 Be6 12. Nc2 d5 13. cxd5 Nxd5 14. Qc1 Kh7 15. Nxd5 Bxd5 16. Bxd5 Qxd5 17. Ne3 Qd7 18. Qxc5 Nd4 19. Rfe1 Rfc8 20. Qd5 Qxd5 21. Nxd5 Rc2 22. Bc3 Nxe2+ 23. Rxe2 Rxe2 24. Kf1 Rd8 25. Kxe2 Rxd5 26. f3 f5 27. a4 g5 28. b4 axb4 29. Rxb4 Rc5 30. Rc4 Rxc4 31. dxc4 Kg6 32. f4 exf4 33. Bxg7 fxg3 34. hxg3 Kxg7 35. c5 Kf7 36. c6 b5 37. c7 1-0

[Event "CAN-ch Senior"]
[Site "Toronto CAN"]
[Date "2004.11.13"]
[Round "3"]
[White "Boguszlavszkij, Jevgenyij"]
[Black "Day, Lawrence"]
[Result "0-1"]
[WhiteElo "2314"]
[BlackElo "2270"]
[PlyCount "82"]
[GameId "2160767911052546"]
[EventDate "2004.11.13"]
[EventType "swiss (rapid)"]
[EventRounds "9"]
[EventCountry "CAN"]
[SourceTitle "EXT 2005"]
[Source "ChessBase"]
[SourceDate "2004.11.15"]
[SourceVersion "1"]
[SourceVersionDate "2004.11.15"]
[SourceQuality "1"]

1. d4 Nf6 2. Bg5 d6 3. Nc3 Nbd7 4. Nf3 h6 5. Bh4 g5 6. Bg3 Nh5 7. e3 Bg7 8. Bd3 c5 9. Ne2 Qb6 10. Rb1 g4 11. Nd2 cxd4 12. exd4 Nxg3 13. hxg3 d5 14. c3 e5 15. Bf5 h5 16. Nb3 Qf6 17. Qc2 e4 18. Bxd7+ Bxd7 19. Nf4 Qg5 20. Nc5 Bc6 21. b4 b5 22. a4 Ke7 23. Qe2 Rab8 24. a5 h4 25. Kd2 Rh6 26. Qe3 Rbh8 27. gxh4 Rxh4 28. Rxh4 Rxh4 29. g3 Rh2 30. Kc2 Bh6 31. Ncd3 Kd6 32. Ne5 Qf5 33. Kb3 Be8 34. Ned3 f6 35. Nc5 Bxf4 36. gxf4 Rh3 37. Qc1 Rf3 38. Rb2 Qxf4 39. Qh1 Rh3 40. Qf1 Qf3 41. Rd2 Qxc3+ 0-1

[Event "CAN-ch U20 2004"]
[Site "Calgary CAN"]
[Date "2004.01.02"]
[Round "1"]
[White "Kaminski, Victor"]
[Black "Juma, Sadiq"]
[Result "1-0"]
[WhiteElo "1976"]
[BlackElo "1646"]
[PlyCount "112"]
[GameId "2160767911209022"]
[EventDate "2004.01.02"]
[EventType "swiss"]
[EventRounds "9"]
[EventCountry "CAN"]
[SourceTitle "EXT 2005"]
[Source "ChessBase"]
[SourceDate "2004.11.15"]
[SourceVersion "1"]
[SourceVersionDate "2004.11.15"]
[SourceQuality "1"]

1. d4 Nf6 2. Nf3 g6 3. Bf4 Bg7 4. Nbd2 d6 5. e4 O-O 6. Bc4 Nbd7 7. O-O Nh5 8. Be3 e5 9. c3 c6 10. Qb3 Nb6 11. d5 c5 12. a4 f5 13. a5 Nd7 14. Ng5 Ndf6 15. Ne6 Bxe6 16. dxe6 Qe7 17. Bg5 h6 18. Bxf6 Nxf6 19. Bd5 Nxd5 20. exd5 g5 21. Qc2 g4 22. Nc4 h5 23. Kh1 Rad8 24. f3 Qg5 25. Qe2 Rf6 26. Rae1 Bf8 27. f4 Qh6 28. fxe5 dxe5 29. Qxe5 Re8 30. Rxf5 Bg7 31. Rxf6 Bxf6 32. Qe4 Bh4 33. Rf1 Bd8 34. Qf5 Rf8 35. Qxf8+ Qxf8 36. Rxf8+ Kxf8 37. d6 Bg5 38. Kg1 h4 39. h3 g3 40. Kf1 Ke8 41. Ke2 Bc1 42. Kf3 b6 43. axb6 axb6 44. Nxb6 Bxb2 45. c4 Be5 46. d7+ Kd8 47. Nd5 Bd6 48. Ke2 Be5 49. Kd1 Bb8 50. Kc2 Bd6 51. Kb3 Bf8 52. Ka4 Bd6 53. Kb5 Bf8 54. Kc6 Bd6 55. e7+ Bxe7 56. Nxe7 Kxe7 1-0

[Event "CAN-ch U20 2004"]
[Site "Calgary CAN"]
[Date "2004.01.02"]
[Round "1.1"]
[White "Quan Zhe"]
[Black "Davies, Noam"]
[Result "1-0"]
[WhiteElo "2449"]
[BlackElo "1948"]
[PlyCount "59"]
[GameId "2160767911209023"]
[EventDate "2004.01.02"]
[EventType "swiss"]
[EventRounds "9"]
[EventCountry "CAN"]

1. d4 Nf6 2. c4 g6 3. Nc3 d5 4. Bf4 Bg7 5. e3 c5 6. dxc5 Qa5 7. Rc1 dxc4 8. Bxc4 O-O 9. Nf3 Nc6 10. O-O Qxc5 11. Nb5 Be6 12. Nc7 Bxc4 13. Nxa8 Rxa8 14. b3 b5 15. bxc4 bxc4 16. Qc2 Na5 17. Be5 Rc8 18. Bd4 Qc7 19. Rfd1 a6 20. Bc3 Nb7 21. Be5 Qc6 22. Nd2 Qe6 23. Bxf6 Bxf6 24. Qe4 Qxe4 25. Nxe4 Bb2 26. Rb1 c3 27. Nxc3 Rxc3 28. Rxb2 Nd6 29. g3 Kg7 30. Rd4 1-0

[Event "CAN-ch U20 2004"]
[Site "Calgary CAN"]
[Date "2004.01.02"]
[Round "1.4"]
[White "Kazakevich, Anastasia"]
[Black "Lipnowski, Samuel"]
[Result "0-1"]
[WhiteElo "2154"]
[BlackElo "1858"]
[PlyCount "66"]
[GameId "2160767911209026"]
[EventDate "2004.01.02"]
[EventType "swiss"]
[EventRounds "9"]
[EventCountry "CAN"]

1. d4 e6 2. c4 Nf6 3. Nc3 Bb4 4. Bd2 O-O 5. Nf3 c5 6. e3 Bxc3 7. Bxc3 Ne4 8. Qc2 f5 9. Bd3 Nxc3 10. Qxc3 b6 11. O-O Bb7 12. Be2 d6 13. dxc5 bxc5 14. Rfd1 Qe7 15. Rd2 Nc6 16. a3 a5 17. Rad1 Rad8 18. Rd3 Rf6 19. Qd2 e5 20. Rc3 Rh6 21. e4 Nd4 22. exf5 Nxf5 23. Qg5 Rf6 24. Nh4 Nd4 25. Bf1 Rdf8 26. Rd2 h6 27. Qe3 g5 28. Nf3 Rxf3 29. gxf3 Nxf3+ 30. Kh1 Nxd2+ 31. Bg2 Bxg2+ 32. Kxg2 Qb7+ 33. Kg1 Nf3+ 0-1

[Event "CAN-ch U20 2004"]
[Site "Calgary CAN"]
[Date "2004.01.02"]
[Round "1.5"]
[White "Davies, Lucas"]
[Black "Dinca, Cornelia"]
[Result "1/2-1/2"]
[WhiteElo "2133"]
[BlackElo "1789"]
[PlyCount "107"]
[GameId "2160767911209027"]
[EventDate "2004.01.02"]
[EventType "swiss"]
[EventRounds "9"]
[EventCountry "CAN"]

1. e4 c5 2. Nc3 Nc6 3. g3 g6 4. Bg2 Bg7 5. d3 e6 6. Be3 d6 7. Qd2 Qa5 8. Nge2 Nd4 9. O-O Rb8 10. f4 Ne7 11. Kh1 O-O 12. Rf2 b5 13. Nd5 Nec6 14. Ne7+ Kh8 15. Nxc6 Qxd2 16. Bxd2 Nxc6 17. e5 d5 18. c3 Bd7 19. Be3 c4 20. dxc4 bxc4 21. Nd4 Rb7 22. Nxc6 Bxc6 23. Bc5 Rfb8 24. Ba3 Kg8 25. Rd1 Bf8 26. Bxf8 Kxf8 27. Rdd2 a5 28. Kg1 h5 29. Kf1 Ke7 30. Ke1 Kd7 31. Kd1 Kc7 32. Kc1 Rd8 33. h3 Kb6 34. Bf1 Kc5 35. Rd4 Rh8 36. Be2 f6 37. exf6 Rf7 38. Bd1 a4 39. Re2 Rxf6 40. h4 Re8 41. Re5 Rf5 42. Bc2 Rxe5 43. fxe5 Rg8 44. g4 Be8 45. Kd2 Rg7 46. Rf4 hxg4 47. Rxg4 Rb7 48. Kc1 Rh7 49. Bxg6 Bxg6 50. Rxg6 Rxh4 51. a3 Rh1+ 52. Kc2 d4 53. cxd4+ Kxd4 54. Rxe6 1/2-1/2

[Event "CAN-ch U20 2004"]
[Site "Calgary CAN"]
[Date "2004.01.02"]
[Round "1.6"]
[White "Kaminski, Thomas"]
[Black "Vincent, Trevor"]
[Result "0-1"]
[WhiteElo "1784"]
[BlackElo "2010"]
[PlyCount "52"]
[GameId "2160767911209028"]
[EventDate "2004.01.02"]
[EventType "swiss"]
[EventRounds "9"]
[EventCountry "CAN"]

1. c4 e5 2. g3 Nc6 3. Bg2 g6 4. e3 Bg7 5. Nc3 f5 6. Nge2 Nf6 7. O-O O-O 8. d4 e4 9. a3 Kh8 10. d5 Ne5 11. b3 d6 12. Bd2 g5 13. Nc1 Bd7 14. N1e2 Qe8 15. Nd4 Qg6 16. h3 Rae8 17. Qe2 Qh6 18. a4 Ng6 19. Qd1 f4 20. exf4 gxf4 21. gxf4 Nxf4 22. Bxf4 Qxf4 23. Nce2 Qh6 24. Nb5 Bxh3 25. Bxh3 Qxh3 26. Nf4 Qh6 0-1

[Event "CAN-ch U20 2004"]
[Site "Calgary CAN"]
[Date "2004.01.02"]
[Round "1.7"]
[White "Boik, Andrew"]
[Black "Daswani, Benedict"]
[Result "1-0"]
[WhiteElo "1980"]
[BlackElo "1687"]
[PlyCount "97"]
[GameId "2160767911209029"]
[EventDate "2004.01.02"]
[EventType "swiss"]
[EventRounds "9"]
[EventCountry "CAN"]

1. e4 c5 2. Nf3 e6 3. Nc3 Nc6 4. d4 cxd4 5. Nxd4 Be7 6. Be3 Nf6 7. Qf3 Qa5 8. O-O-O Bb4 9. Nb3 Qe5 10. Bf4 Qh5 11. Nb5 e5 12. Qxh5 Nxh5 13. Be3 O-O 14. Bc4 Nf6 15. f3 Ne8 16. Bc5 Bxc5 17. Nxc5 a6 18. Nd6 Nxd6 19. Rxd6 Rd8 20. Rhd1 Kf8 21. Nxd7+ Ke7 22. Nb6 Rxd6 23. Rxd6 Kxd6 24. Nxa8 Nd8 25. Nb6 Kc5 26. Nxc8 Kxc4 27. Kd2 Kc5 28. Ne7 Ne6 29. c3 b5 30. b4+ Kb6 31. Nd5+ Kc6 32. Kd3 g6 33. c4 h5 34. c5 a5 35. a3 axb4 36. axb4 g5 37. g3 Nd4 38. f4 Nf3 39. fxg5 Nxh2 40. Ke2 Ng4 41. Nf6 Nxf6 42. gxf6 Kd7 43. Kf3 Ke6 44. Kg2 Kxf6 45. Kh3 Ke6 46. g4 hxg4+ 47. Kxg4 f6 48. c6 Kd6 49. Kf5 1-0

[Event "CAN-ch U20 2004"]
[Site "Calgary CAN"]
[Date "2004.01.02"]
[Round "1.9"]
[White "Kazmaier, Daniel"]
[Black "Hutchison, Jason"]
[Result "1-0"]
[WhiteElo "1966"]
[BlackElo "1368"]
[PlyCount "63"]
[GameId "2160767911209030"]
[EventDate "2004.01.02"]
[EventType "swiss"]
[EventRounds "9"]
[EventCountry "CAN"]

1. e4 e6 2. d4 d5 3. Nc3 Bb4 4. e5 c5 5. a3 Bxc3+ 6. bxc3 c4 7. f4 Nc6 8. Nf3 f6 9. g3 Qa5 10. Bd2 Bd7 11. Bh3 h6 12. O-O Qd8 13. Nh4 g5 14. Qh5+ Kf8 15. Ng6+ Kg7 16. fxg5 fxg5 17. Nxh8 Kxh8 18. Rf7 Be8 19. Raf1 Bxf7 20. Rxf7 Qe8 21. Qg6 Qxf7 22. Qxf7 Nd8 23. Qg6 b5 24. Bxe6 Nxe6 25. Qxe6 Rd8 26. h4 gxh4 27. Bxh6 hxg3 28. Qg6 Rd7 29. e6 Re7 30. Qf5 Rxe6 31. Qxe6 Nxh6 32. Qxh6+ 1-0

[Event "CAN-ch U20 2004"]
[Site "Calgary CAN"]
[Date "2004.01.02"]
[Round "2"]
[White "Meng, Fanhao"]
[Black "Kaminski, Victor"]
[Result "0-1"]
[WhiteElo "2273"]
[BlackElo "1976"]
[PlyCount "53"]
[GameId "2160767911209031"]
[EventDate "2004.01.02"]
[EventType "swiss"]
[EventRounds "9"]
[EventCountry "CAN"]
[SourceTitle "EXT 2005"]
[Source "ChessBase"]
[SourceDate "2004.11.15"]
[SourceVersion "1"]
[SourceVersionDate "2004.11.15"]
[SourceQuality "1"]

1. e4 c6 2. c4 d5 3. exd5 cxd5 4. cxd5 Qxd5 5. Nc3 Qd8 6. d4 Nf6 7. Nf3 e6 8. Be2 Be7 9. O-O Bd7 10. Be3 Bc6 11. Ne5 Nd5 12. Rc1 Bf6 13. Nxc6 Nxc6 14. Qb3 O-O 15. Rfd1 Na5 16. Qa4 b6 17. Nxd5 exd5 18. b4 Nb7 19. Qc6 Nd6 20. Qxd5 g6 21. Bf3 Rc8 22. Rc6 Rxc6 23. Qxc6 Nf5 24. d5 Nxe3 25. fxe3 Qe7 26. e4 Qxb4 27. Qxf6 0-1

[Event "CAN-ch U20 2004"]
[Site "Calgary CAN"]
[Date "2004.01.02"]
[Round "2.1"]
[White "Boik, Andrew"]
[Black "Quan Zhe"]
[Result "0-1"]
[WhiteElo "1980"]
[BlackElo "2449"]
[PlyCount "62"]
[GameId "2160767911209032"]
[EventDate "2004.01.02"]
[EventType "swiss"]
[EventRounds "9"]
[EventCountry "CAN"]

1. e4 c5 2. Nf3 d6 3. d4 cxd4 4. Nxd4 Nf6 5. Nc3 a6 6. Bg5 e6 7. f4 Be7 8. Qf3 Qc7 9. O-O-O Nbd7 10. Bd3 h6 11. Bh4 g5 12. fxg5 Ne5 13. Qe2 Nfg4 14. Nf3 hxg5 15. Bg3 Nxf3 16. gxf3 Ne5 17. Qf2 Ng6 18. Ne2 Bd7 19. f4 gxf4 20. Nxf4 Ne5 21. h4 Qc5 22. Qe2 O-O-O 23. Kb1 Rdg8 24. Bf2 Qc6 25. h5 Rg4 26. Be3 Bg5 27. Rdf1 f5 28. exf5 Bxf4 29. fxe6 Bxe6 30. Bd4 Qd5 31. Rxf4 Rxf4 0-1

[Event "CAN-ch U20 2004"]
[Site "Calgary CAN"]
[Date "2004.01.02"]
[Round "2.3"]
[White "Lipnowski, Samuel"]
[Black "Kazmaier, Daniel"]
[Result "1-0"]
[WhiteElo "2154"]
[BlackElo "1966"]
[PlyCount "109"]
[GameId "2160767911209033"]
[EventDate "2004.01.02"]
[EventType "swiss"]
[EventRounds "9"]
[EventCountry "CAN"]

1. d4 f5 2. Nf3 Nf6 3. c4 g6 4. g3 Bg7 5. Bg2 O-O 6. O-O d6 7. Nc3 Nc6 8. d5 Ne5 9. Nxe5 dxe5 10. e4 fxe4 11. Nxe4 e6 12. dxe6 Nxe4 13. Qxd8 Rxd8 14. e7 Re8 15. Bxe4 Rxe7 16. Bg5 Re8 17. Rfd1 c6 18. Rd2 Be6 19. b3 Kf7 20. Rad1 Bf6 21. Be3 a5 22. a4 Be7 23. Bb6 Ra6 24. Bc7 Kf6 25. Re2 Bg4 26. f3 Bc5+ 27. Kg2 Bf5 28. Bxf5 gxf5 29. Rd7 h5 30. f4 e4 31. Be5+ Ke6 32. Rxb7 Rd8 33. Rh7 Rd1 34. Rxh5 Rg1+ 35. Kh3 Rb6 36. Rh6+ Ke7 37. Rf6 e3 38. Rxf5 Rxb3 39. Bf6+ Kd6 40. Be7+ Kxe7 41. Rxc5 Kd6 42. Rxa5 Rc1 43. Re5 Rxc4 44. R5xe3 Rbb4 45. f5 Rc5 46. Rf2 Rxa4 47. f6 Ra8 48. f7 Rf8 49. g4 Kd7 50. Kh4 Rd5 51. g5 Rd6 52. Kh5 Rh8+ 53. Kg4 Rg8 54. h4 Rd4+ 55. Kg3 1-0

[Event "CAN-ch U20 2004"]
[Site "Calgary CAN"]
[Date "2004.01.02"]
[Round "2.4"]
[White "Vincent, Trevor"]
[Black "Baser, Arthur"]
[Result "1-0"]
[WhiteElo "2010"]
[BlackElo "1325"]
[PlyCount "63"]
[GameId "2160767911209034"]
[EventDate "2004.01.02"]
[EventType "swiss"]
[EventRounds "9"]
[EventCountry "CAN"]

1. c4 e5 2. g3 Nf6 3. Bg2 g6 4. Nc3 Bg7 5. e4 Nc6 6. Nge2 O-O 7. O-O d6 8. d3 Be6 9. h3 Qd7 10. Kh2 h6 11. f4 Nh5 12. Nd5 f5 13. Be3 fxe4 14. dxe4 Rf7 15. Qd2 Kh7 16. f5 gxf5 17. exf5 Bxd5 18. Bxd5 Rf6 19. g4 Nf4 20. Nxf4 exf4 21. Bxf4 Re8 22. Rae1 Rff8 23. c5 Ne5 24. Be4 Rf6 25. g5 hxg5 26. Bxg5 Bh6 27. Bxh6 Rxh6 28. f6+ Ng6 29. Bf5 Rxe1 30. Qxe1 Qb5 31. Qe7+ Kh8 32. Qg7# 1-0

[Event "CAN-ch U20 2004"]
[Site "Calgary CAN"]
[Date "2004.01.02"]
[Round "2.6"]
[White "Palmer, Jordan"]
[Black "Davies, Lucas"]
[Result "0-1"]
[WhiteElo "1906"]
[BlackElo "2133"]
[PlyCount "72"]
[GameId "2160767911209036"]
[EventDate "2004.01.02"]
[EventType "swiss"]
[EventRounds "9"]
[EventCountry "CAN"]

1. e4 c6 2. d4 d5 3. Nd2 dxe4 4. Nxe4 Nd7 5. Bc4 Ngf6 6. Ng5 e6 7. N1f3 h6 8. Nh3 Nb6 9. Bb3 Bd6 10. c4 Bc7 11. Be3 O-O 12. Nf4 Ng4 13. O-O e5 14. dxe5 Nxe5 15. c5 Qxd1 16. Raxd1 Nxf3+ 17. gxf3 Nd7 18. Ne6 fxe6 19. Bxe6+ Rf7 20. Bxf7+ Kxf7 21. Kg2 Nf6 22. f4 Bf5 23. Rd4 Nd5 24. a3 Re8 25. Kf3 h5 26. Re1 Bg4+ 27. Kg2 Bxf4 28. h3 Bf5 29. Kf3 g5 30. Bd2 Rxe1 31. Bxe1 Bxh3 32. Bd2 Bxd2 33. Rxd2 Bf5 34. b4 a6 35. a4 Nxb4 36. Rd8 Nd3 0-1

[Event "CAN-ch U20 2004"]
[Site "Calgary CAN"]
[Date "2004.01.02"]
[Round "2.7"]
[White "Davies, Noam"]
[Black "Kaminski, Thomas"]
[Result "1-0"]
[WhiteElo "1948"]
[BlackElo "1784"]
[PlyCount "31"]
[GameId "2160767911209037"]
[EventDate "2004.01.02"]
[EventType "swiss"]
[EventRounds "9"]
[EventCountry "CAN"]

1. e4 d5 2. exd5 Qxd5 3. Nc3 Qa5 4. d4 Nf6 5. Nf3 c6 6. Bc4 Bg4 7. O-O Nbd7 8. Re1 Qc7 9. Ng5 e6 10. f3 Bf5 11. Qe2 h6 12. g4 Bg6 13. Bxe6 hxg5 14. Bxf7+ Kd8 15. Qe8+ Nxe8 16. Rxe8# 1-0

[Event "CAN-ch U20 2004"]
[Site "Calgary CAN"]
[Date "2004.01.02"]
[Round "2.8"]
[White "Daswani, Benedict"]
[Black "Wong, Wylon"]
[Result "1-0"]
[WhiteElo "1687"]
[BlackElo "1922"]
[PlyCount "65"]
[GameId "2160767911209038"]
[EventDate "2004.01.02"]
[EventType "swiss"]
[EventRounds "9"]
[EventCountry "CAN"]

1. d4 Nf6 2. c4 d6 3. Nc3 g6 4. e4 Bg7 5. f3 O-O 6. Be3 e5 7. d5 Nbd7 8. Qd2 Nh5 9. g4 Nf4 10. Bxf4 exf4 11. Qxf4 Be5 12. Qd2 Qh4+ 13. Qf2 Qf6 14. Nge2 Nc5 15. Qe3 Qh4+ 16. Kd2 f5 17. gxf5 gxf5 18. f4 Bg7 19. e5 b6 20. e6 Ba6 21. Nd4 Ne4+ 22. Nxe4 fxe4 23. e7 Rxf4 24. Rg1 Kh8 25. Rxg7 Rf2+ 26. Kc3 Kxg7 27. Bh3 Kf7 28. Rg1 Rxh2 29. Be6+ Kf6 30. Rf1+ Kg6 31. Bf7+ Kg7 32. Ne6+ Kh8 33. Qd4+ 1-0